| 000 | 00948cam a22001694a 4500 | ||
|---|---|---|---|
| 005 | 20250605163653.0 | ||
| 008 | 250528s ||||||||||||||||||||||||d | ||
| 035 | _a23998 | ||
| 040 |
_aGR-AtMCL _bgre _dGR-AtMCL _eAACR2 |
||
| 245 | 1 | _aSupply Chain and Logistics / Το Περιοδικό για την Εφοδιαστική Αλυσίδα | |
| 260 |
_bParametros Group _bScl Magazine, _c2015 |
||
| 300 | _a72 | ||
| 520 | _aFute Logistics: Το Μέλλον των Mega Trends είναι Ήδη Εδώ, Η Έννοια των Logistics είναι Συνυφασμένη με τη Βελτιστοποίηση των Εταιρικών Διαδικασιών, Τα Ελληνικά Logistics 'Έλαμωαν' στην Τελετή Απονομής των ΠΑΕΓΑΕ Transport and Logistics Awards 2015, Logistics Function Εφαρμογή της Ζήνων στη Lion Pharma. | ||
| 942 | _cCR | ||
| 999 |
_c8901 _d8901 |
||